Statistiques concernant 5 pays les plus orientaux par continent

Cliquez ici pour prendre le quiz!

Statistiques générales

  • Ce quiz a été pris 1 198 fois
    (470 depuis la dernière actualisation)
  • Le résultat moyen est 24 sur 30

Statistiques - réponses

ContinentPositionPays% Correct
Asie180.00°ERussie
95%
Europe180.00°ERussie
95%
Amérique du Sud28.50°OBrésil
94%
Asie153.59°EJapon
92%
Amérique du Sud53.39°OArgentine
90%
Europe40.15°EUkraine
90%
Amérique du Sud52.46°OUruguay
90%
Afrique51.28°ESomalie
89%
Afrique50.40°EMadagascar
87%
Amérique du Sud54.00°OSuriname
86%
Europe32.46°EBiélorussie
85%
Asie130.56°ECorée du Sud
84%
Amérique du Sud54.15°OParaguay
82%
Amérique du Nord52.37°OCanada
81%
Afrique63.30°EMaurice
81%
Asie134.46°EChine
80%
Afrique56.16°ESeychelles
80%
Afrique48.00°EEthiopie
78%
Europe31.35°EFinlande
76%
Océanie175.49°ENouvelle-Zélande
76%
Asie141.05°EIndonésie
74%
Océanie180.00°EFidji
73%
Océanie176.50°EKiribati
72%
Amérique du Nord60.54°OSainte-Lucie
68%
Amérique du Nord61.08°OSaint-Vincent-et-les-Grenadines
68%
Amérique du Nord59.26°OBarbade
66%
Océanie179.51°ETuvalu
66%
Océanie172.09°EÎles Marshall
65%
Amérique du Nord60.31°OTrinité-et-Tobago
60%
Europe31.01°ENorvège
55%

Distribution des résultats

Percentile par nombre de réponses

% des personnes avec chaque résultat

Votre développement - résultats

Vous n’avez pas pris ce quiz depuis la dernière actualisation